Homogeneous zinc(II) catalysis in accelerated vulcanization III. Degradation modes of mono- and disulfidic cross-links (Record no. 60476)

MARC details
000 -LEADER
fixed length control field 00537nam a2200169Ia 4500
100 ## - MAIN ENTRY--AUTHOR NAME
Personal name Nieuwenhuizen P J
245 #0 - TITLE STATEMENT
Title Homogeneous zinc(II) catalysis in accelerated vulcanization III. Degradation modes of mono- and disulfidic cross-links
260 ## - PUBLICATION, DISTRIBUTION, ETC. (IMPRINT)
Name of publisher Rubber Chemistry and Technology
Year of publication 1999
300 ## - PHYSICAL DESCRIPTION
Number of Pages 27-42
650 ## - SUBJECT ADDED ENTRY--TOPICAL TERM
Topical Term Accelarated vulcanization
650 ## - SUBJECT ADDED ENTRY--TOPICAL TERM
Topical Term Disulfidic cross-links
700 ## - ADDED ENTRY--PERSONAL NAME
Personal name Haasnoot J G
700 ## - ADDED ENTRY--PERSONAL NAME
Personal name Reedijk J
700 ## - ADDED ENTRY--PERSONAL NAME
Personal name Van Veen J M
942 ## - ADDED ENTRY ELEMENTS (KOHA)
Koha item type Journals
Holdings
Withdrawn status Lost status Damaged status Not for loan Home library Current library Shelving location Date acquired Serial Enumeration / chronology Koha item type
      Journals RRII Library RRII Library Rubber chemistry 17/12/2021 Volume 72, Issue 1 Journals